[Event "Rheinland Pfalz Seniors op"]
[Site "Altenkirchen"]
[Date "2023.09.08"]
[Round "4"]
[White "Fournell, Udo"]
[Black "Bruns, Patrick"]
[Result "0-1"]
[WhiteElo "1894"]
[BlackElo "1742"]
[PlyCount "94"]
[EventDate "2023.09.05"]
[EventType "swiss"]
[EventRounds "9"]
[EventCountry "GER"]
[SourceTitle "EXT 2024"]
[Source "ChessBase"]
[SourceDate "2023.10.10"]
[SourceVersion "1"]
[SourceVersionDate "2023.10.10"]
[SourceQuality "1"]

1. e4 c6 2. d4 d5 3. Nc3 dxe4 4. Nxe4 Nd7 5. Ng5 Ngf6 6. Bd3 e6 7. N1f3 Bd6 8. Qe2 h6 9. Ne4 Nxe4 10. Qxe4 Nf6 11. Qh4 Qa5+ 12. Bd2 Qh5 13. 0-0-0 a5 14. Qxh5 Nxh5 15. g3 Nf6 16. Rhe1 Ng4 17. Re2 b5 18. d5 cxd5 19. Bxb5+ Bd7 20. Nd4 Bxb5 21. Nxb5 Bb8 22. Bc3 0-0 23. f3 Nf6 24. Rd4 a4 25. Rb4 Nd7 26. Rg4 e5 27. f4 d4 28. Bb4 Rc8 29. fxe5 d3 30. e6 fxe6 31. Rxe6 Rxc2+ 32. Kb1 Be5 33. Nd4 Rxh2 34. Kc1 Nf6 35. Rh4 Rxh4 36. gxh4 Bxd4 37. Ba3 Rd8 38. Kd2 Nd5 39. Ra6 Nf4 40. Rxa4 Be3+ 41. Kd1 Rc8 42. b3 Rc2 43. Ra8+ Kh7 44. Re8 Rd2+ 45. Kc1 Ne2+ 46. Kb1 Nc3+ 47. Kc1 Rc2# 0-1

[Event "Mittelrhein Verbandsliga-W 18/19"]
[Site "Nordrheinwestfalen"]
[Date "2018.09.02"]
[Round "1.8"]
[White "Fassbender, Alfred"]
[Black "Fournell, Udo"]
[Result "0-1"]
[WhiteElo "1863"]
[BlackElo "1860"]
[PlyCount "126"]
[EventDate "2018.09.02"]
[EventType "team-tourn"]
[EventRounds "11"]
[EventCountry "GER"]
[SourceTitle "EXT 2022"]
[Source "ChessBase"]
[SourceDate "2021.10.06"]
[SourceVersion "1"]
[SourceVersionDate "2021.10.06"]
[SourceQuality "1"]
[WhiteTeam "Bergheim"]
[BlackTeam "Aachen PTSV"]
[WhiteTeamCountry "GER"]
[BlackTeamCountry "GER"]

1. d4 d5 2. Nf3 Nf6 3. e3 c5 4. c3 e6 5. Bd3 Nc6 6. Nbd2 Bd6 7. 0-0 0-0 8. e4 cxd4 9. cxd4 dxe4 10. Nxe4 Nxe4 11. Bxe4 h6 12. b3 Nb4 13. Bb2 Nd5 14. Rc1 Bd7 15. Ne5 Bb5 16. Bd3 Bxd3 17. Qxd3 Qg5 18. Rcd1 Rac8 19. Bc1 Qe7 20. Bd2 Rfd8 21. Rc1 Rxc1 22. Rxc1 a6 23. a4 Bb8 24. g3 Qf6 25. Qe4 Qe7 26. Qd3 Nf6 27. Qe3 Ba7 28. Nf3 Nd5 29. Qd3 Qd6 30. Ba5 Bb6 31. Bxb6 Qxb6 32. Qc4 Qd6 33. Qc5 Kf8 34. b4 Nxb4 35. Qc7 b6 36. Qb7 Rd7 37. Qa8+ Rd8 38. Qb7 Rd7 39. Qa8+ Rd8 40. Qb7 Nd5 41. Qxa6 Qa3 42. Rc8 Rxc8 43. Qxc8+ Ke7 44. Qb7+ Kf6 45. Ne5 Qa1+ 46. Kg2 Qxd4 47. Nd7+ Kf5 48. h3 Qe4+ 49. Kg1 Qb1+ 50. Kg2 Qb4 51. Qb8 Qe4+ 52. Kg1 f6 53. Qg8 Qe1+ 54. Kg2 Ne3+ 55. fxe3 Qe2+ 56. Kg1 Qxe3+ 57. Kg2 Qe2+ 58. Kg1 Qd1+ 59. Kf2 Qd2+ 60. Kf3 Qd3+ 61. Kf2 Qxd7 62. Qh7+ Ke5 63. Qc2 Qd4+ 0-1

[Event "Mittelrhein Verbandsliga-W 17/18"]
[Site "Nordrheinwestfalen"]
[Date "2018.05.06"]
[Round "11.7"]
[White "Fournell, Udo"]
[Black "Schettler, Juergen"]
[Result "1-0"]
[WhiteElo "1846"]
[BlackElo "1943"]
[PlyCount "68"]
[EventDate "2017.09.10"]
[EventType "team-tourn"]
[EventRounds "11"]
[EventCountry "GER"]
[SourceTitle "EXT 2022"]
[Source "ChessBase"]
[SourceDate "2021.10.06"]
[SourceVersion "1"]
[SourceVersionDate "2021.10.06"]
[SourceQuality "1"]
[WhiteTeam "Aachen PTSV"]
[BlackTeam "Alsdorf SVG"]
[WhiteTeamCountry "GER"]
[BlackTeamCountry "GER"]

1. e4 e6 2. d4 d5 3. Nc3 Bb4 4. exd5 exd5 5. Bd3 Nc6 6. Nge2 Bg4 7. f3 Bh5 8. 0-0 Nge7 9. a3 Bxc3 10. bxc3 Bg6 11. Re1 0-0 12. Be3 Bxd3 13. cxd3 Nf5 14. Bf2 Qf6 15. Qb3 Nce7 16. Qxb7 c6 17. Rab1 Rfd8 18. Ng3 Qd6 19. Qb4 Qc7 20. Nxf5 Nxf5 21. g4 Rab8 22. Qc5 Rxb1 23. Rxb1 Ne7 24. Bg3 Qd7 25. Qd6 f6 26. Re1 Qxd6 27. Bxd6 Ng6 28. Bg3 Kf7 29. Rb1 Rd7 30. Rb8 Ne7 31. Kf1 Ke6 32. Ke2 f5 33. h4 fxg4 34. fxg4 h5 1-0

[Event "Mittelrhein Verbandsliga-W 17/18"]
[Site "Nordrheinwestfalen"]
[Date "2017.12.03"]
[Round "5.7"]
[White "Huppertz, Franz Josef"]
[Black "Fournell, Udo"]
[Result "1/2-1/2"]
[WhiteElo "1699"]
[BlackElo "1846"]
[PlyCount "83"]
[EventDate "2017.09.10"]
[EventType "team-tourn"]
[EventRounds "11"]
[EventCountry "GER"]
[SourceTitle "EXT 2022"]
[Source "ChessBase"]
[SourceDate "2021.10.06"]
[SourceVersion "1"]
[SourceVersionDate "2021.10.06"]
[SourceQuality "1"]
[WhiteTeam "Eschweiler SC"]
[BlackTeam "Aachen PTSV"]
[WhiteTeamCountry "GER"]
[BlackTeamCountry "GER"]

1. d4 d5 2. Nf3 Nf6 3. Bf4 c5 4. e3 Nc6 5. c3 Qb6 6. Qb3 c4 7. Qxb6 axb6 8. Nbd2 b5 9. Be2 Bf5 10. h3 h6 11. 0-0 b4 12. Ne5 e6 13. Nxc6 bxc6 14. f3 bxc3 15. bxc3 Ba3 16. e4 Bg6 17. Rfb1 0-0 18. Rb6 Rfc8 19. Bxc4 dxc4 20. Nxc4 c5 21. Rb3 cxd4 22. Nxa3 Rxc3 23. Rxc3 dxc3 24. Nb5 c2 25. a4 Nd7 26. a5 Nc5 27. Ra3 Rb8 28. a6 Nxa6 29. Rxa6 Rxb5 30. Rc6 Rb1+ 31. Kh2 Rb2 32. Rc8+ Kh7 33. Rc6 Ra2 34. Rc7 Bh5 35. Bc1 f5 36. g4 Bg6 37. gxf5 exf5 38. e5 f4 39. e6 h5 40. h4 Ra6 41. e7 Re6 42. Bxf4 1/2-1/2

[Event "Mittelrhein Regionalliga 15/16"]
[Site "Nordrheinwestfalen"]
[Date "2016.03.13"]
[Round "8.8"]
[White "Fournell, Udo"]
[Black "Hennicken, Reinhard"]
[Result "1/2-1/2"]
[WhiteElo "1862"]
[BlackElo "1979"]
[PlyCount "31"]
[EventDate "2015.09.27"]
[EventType "team-tourn"]
[EventRounds "9"]
[EventCountry "GER"]
[SourceTitle "EXT 2022"]
[Source "ChessBase"]
[SourceDate "2021.10.06"]
[SourceVersion "1"]
[SourceVersionDate "2021.10.06"]
[SourceQuality "1"]
[WhiteTeam "Aachen PTSV"]
[BlackTeam "Aachen DJK Aufwärts III"]
[WhiteTeamCountry "GER"]
[BlackTeamCountry "GER"]

1. e4 e5 2. Nf3 Nc6 3. Nc3 Nf6 4. d4 exd4 5. Nxd4 Bb4 6. Nxc6 dxc6 7. Qxd8+ Kxd8 8. Bg5 h6 9. Bd2 Be6 10. f3 Ke8 11. a3 Be7 12. 0-0-0 Rd8 13. Be2 Rd7 14. Be3 a6 15. Rxd7 Nxd7 16. f4 1/2-1/2

[Event "Mittelrhein Verbandsliga-W 1112"]
[Site "Germany"]
[Date "2012.01.15"]
[Round "5.5"]
[White "Fournell, Udo"]
[Black "Dick, Matthias"]
[Result "1/2-1/2"]
[WhiteElo "1912"]
[BlackElo "2003"]
[PlyCount "66"]
[EventDate "2011.09.18"]
[EventType "team-tourn"]
[EventRounds "11"]
[EventCountry "GER"]
[SourceTitle "EXT 2013"]
[Source "ChessBase"]
[SourceDate "2012.11.22"]
[SourceVersion "1"]
[SourceVersionDate "2012.11.22"]
[SourceQuality "1"]
[WhiteTeam "Aachen PTSV"]
[BlackTeam "Pulheim"]
[WhiteTeamCountry "GER"]
[BlackTeamCountry "GER"]

1. e4 e6 2. d4 d5 3. Nc3 Nf6 4. exd5 exd5 5. Bd3 c5 6. dxc5 Bxc5 7. Nge2 0-0 8. 0-0 Nc6 9. Bg5 Be6 10. Nf4 d4 11. Bxf6 Qxf6 12. Nxe6 Qxe6 13. Re1 Qh6 14. Ne4 Bb4 15. Re2 f5 16. Ng3 g6 17. Re6 Qh4 18. a3 Ba5 19. Qf3 Rae8 20. Qd5 Rxe6 21. Qxe6+ Kh8 22. b4 Bb6 23. Re1 Qf6 24. Kf1 a6 25. Bc4 Bc7 26. Qxf6+ Rxf6 27. Ne2 Rf8 28. Nc1 Kg7 29. Nd3 Bd6 30. Re6 Rf6 31. Re8 Rf8 32. Re6 Rf6 33. Re8 Rf8 1/2-1/2

[Event "Mittelrhein Verbandsliga-W 1112"]
[Site "Germany"]
[Date "2011.09.18"]
[Round "1.4"]
[White "Rempe, Moritz"]
[Black "Fournell, Udo"]
[Result "1/2-1/2"]
[WhiteElo "1801"]
[BlackElo "1912"]
[PlyCount "73"]
[EventDate "2011.09.18"]
[EventType "team-tourn"]
[EventRounds "11"]
[EventCountry "GER"]
[SourceTitle "EXT 2013"]
[Source "ChessBase"]
[SourceDate "2012.11.22"]
[SourceVersion "1"]
[SourceVersionDate "2012.11.22"]
[SourceQuality "1"]
[WhiteTeam "Aachen II"]
[BlackTeam "Aachen PTSV"]
[WhiteTeamCountry "GER"]
[BlackTeamCountry "GER"]

1. e4 c5 2. Nf3 Nc6 3. d4 cxd4 4. Nxd4 e5 5. Nb5 a6 6. Nd6+ Bxd6 7. Qxd6 Qf6 8. Qxf6 Nxf6 9. Nc3 Nb4 10. Bd3 d5 11. a3 Nxd3+ 12. cxd3 dxe4 13. dxe4 Bd7 14. 0-0 Bc6 15. f3 h6 16. Be3 0-0 17. Rad1 Rfd8 18. Bb6 Rxd1 19. Rxd1 Nd7 20. Be3 Nf6 21. Bf2 Re8 22. b4 Rc8 23. Bg3 Be8 24. Bxe5 Nd7 25. Bd4 Nf8 26. Rc1 Ne6 27. Be3 Rc4 28. Ne2 Bb5 29. Rxc4 Bxc4 30. Nd4 Nxd4 31. Bxd4 h5 32. g3 g6 33. Bc5 Kg7 34. Kf2 Kf6 35. Ke3 Ke6 36. a4 Bf1 37. a5 1/2-1/2

[Event "Regionalliga Mittelrhein 1011"]
[Site "Germany"]
[Date "2011.04.10"]
[Round "8.4"]
[White "Fournell, Udo"]
[Black "Block, Wolfgang"]
[Result "1/2-1/2"]
[WhiteElo "1977"]
[BlackElo "2111"]
[PlyCount "55"]
[EventDate "2010.10.24"]
[EventType "team"]
[EventRounds "9"]
[EventCountry "GER"]
[SourceTitle "EXT 2015"]
[Source "ChessBase"]
[SourceDate "2014.11.20"]
[SourceVersion "1"]
[SourceVersionDate "2014.11.20"]
[SourceQuality "1"]
[WhiteTeam "Aachen PTSV"]
[BlackTeam "Bruehl"]
[WhiteTeamCountry "GER"]
[BlackTeamCountry "GER"]

1. e4 c6 2. d4 d5 3. Nd2 dxe4 4. Nxe4 Bf5 5. Ng3 Bg6 6. N1e2 e6 7. h4 h6 8. Nf4 Bh7 9. Bc4 Nf6 10. 0-0 Bd6 11. Nxe6 fxe6 12. Bxe6 Nbd7 13. Re1 Qc7 14. Bf5+ Kf8 15. Bxh7 Rxh7 16. Nf5 Bh2+ 17. Kh1 Bf4 18. Ne7 g5 19. Bxf4 gxf4 20. Ng6+ Kg8 21. Qf3 Nf8 22. Nxf4 Qf7 23. Re5 Rd8 24. Ne2 Rd5 25. c4 Rxe5 26. dxe5 N6d7 27. Qxf7+ Rxf7 28. f4 1/2-1/2

[Event "Regionalliga Mittelrhein 1011"]
[Site "Germany"]
[Date "2011.01.16"]
[Round "4.5"]
[White "Fournell, Udo"]
[Black "Albrecht, Oliver"]
[Result "0-1"]
[WhiteElo "1977"]
[BlackElo "2068"]
[PlyCount "175"]
[EventDate "2010.10.24"]
[EventType "team"]
[EventRounds "9"]
[EventCountry "GER"]
[SourceTitle "EXT 2015"]
[Source "ChessBase"]
[SourceDate "2014.11.20"]
[SourceVersion "1"]
[SourceVersionDate "2014.11.20"]
[SourceQuality "1"]
[WhiteTeam "Aachen PTSV"]
[BlackTeam "Bonn Beuel"]
[WhiteTeamCountry "GER"]
[BlackTeamCountry "GER"]

1. e4 c5 2. Nf3 d6 3. d4 cxd4 4. Nxd4 Nf6 5. Nc3 a6 6. Bg5 e6 7. f4 Qc7 8. Qf3 Nc6 9. 0-0-0 Be7 10. Nxc6 Qxc6 11. e5 Qxf3 12. gxf3 dxe5 13. fxe5 Nd7 14. Bxe7 Kxe7 15. f4 b5 16. Bg2 Ra7 17. Ne4 Nb6 18. Nd6 Rc7 19. Rd4 Bd7 20. Rhd1 g6 21. c3 Bc6 22. Bf1 Bd5 23. Kb1 f6 24. Ne4 fxe5 25. fxe5 Nd7 26. a4 Rb8 27. axb5 axb5 28. Nd6 Nxe5 29. Nxb5 Rcb7 30. c4 Bxc4 31. Bxc4 Nxc4 32. Rxc4 Rxb5 33. Rc7+ Kf6 34. Rd2 R8b7 35. Rxb7 Rxb7 36. Kc2 e5 37. Rf2+ Ke6 38. Kc3 Kd5 39. Re2 g5 40. b4 g4 41. Rb2 h5 42. Kd3 Rb5 43. Ke3 h4 44. Rd2+ Ke6 45. Rb2 Kf5 46. Rf2+ Kg5 47. Rb2 Kf5 48. Rf2+ Ke6 49. Rb2 Rb8 50. b5 Kd5 51. b6 Kc6 52. Rb4 Rxb6 53. Rxg4 Rb3+ 54. Kf2 h3 55. Rg8 Kd5 56. Rd8+ Ke4 57. Rf8 Ra3 58. Rf7 Ra6 59. Rh7 Ra3 60. Rf7 Kd5 61. Rd7+ Ke6 62. Rd8 Kf5 63. Rf8+ Ke4 64. Rf7 Ra2+ 65. Kg3 Rg2+ 66. Kxh3 Rg8 67. Ra7 Kf4 68. Ra3 e4 69. Ra7 Kf3 70. Rf7+ Ke2 71. Ra7 e3 72. Rf7 Ke1 73. Re7 e2 74. Kh4 Rg2 75. Kh3 Kf1 76. Re6 Rf2 77. Kg3 e1Q 78. Rxe1+ Kxe1 79. h4 Ke2 80. h5 Ke3 81. Kg4 Ke4 82. Kg5 Ke5 83. Kg6 Ke6 84. h6 Ra2 85. Kh7 Kf7 86. Kh8 Ra7 87. Kh7 Ra5 88. Kh8 0-1

[Event "Regionalliga Mittelrhein 1011"]
[Site "Germany"]
[Date "2010.10.24"]
[Round "1.5"]
[White "Schneider, Gerd"]
[Black "Fournell, Udo"]
[Result "1-0"]
[WhiteElo "2024"]
[BlackElo "1977"]
[PlyCount "63"]
[EventDate "2010.10.24"]
[EventType "team"]
[EventRounds "9"]
[EventCountry "GER"]
[SourceTitle "EXT 2015"]
[Source "ChessBase"]
[SourceDate "2014.11.20"]
[SourceVersion "1"]
[SourceVersionDate "2014.11.20"]
[SourceQuality "1"]
[WhiteTeam "Niederkassel"]
[BlackTeam "Aachen PTSV"]
[WhiteTeamCountry "GER"]
[BlackTeamCountry "GER"]

1. Nf3 d5 2. d4 Nf6 3. c4 c6 4. Nc3 e6 5. g3 Nbd7 6. Bg2 Be7 7. 0-0 0-0 8. b3 b6 9. Bb2 Ba6 10. Nd2 Rc8 11. Re1 dxc4 12. bxc4 e5 13. e3 exd4 14. exd4 Nb8 15. Qb3 Re8 16. Rad1 Rc7 17. Nf3 Nfd7 18. Ne4 Nf6 19. Ne5 Nxe4 20. Bxe4 Qc8 21. Nxf7 Bf8 22. Ng5 c5 23. Bd5+ Kh8 24. Nf7+ Rxf7 25. Bxf7 Rxe1+ 26. Rxe1 Qf5 27. Be6 Qh5 28. d5 Qh6 29. Be5 Qd2 30. Qe3 Qxa2 31. Bxb8 Qxc4 32. Qf3 1-0

[Event "Seefeld op 16th"]
[Site "Seefeld"]
[Date "2005.09.21"]
[Round "5"]
[White "Gruber, Michael"]
[Black "Fournell, Udo"]
[Result "1/2-1/2"]
[WhiteElo "2122"]
[BlackElo "1891"]
[PlyCount "134"]
[EventDate "2005.09.17"]
[EventType "swiss"]
[EventRounds "9"]
[EventCountry "AUT"]
[SourceTitle "EXT 2007"]
[Source "ChessBase"]
[SourceDate "2006.11.23"]
[SourceVersion "1"]
[SourceVersionDate "2006.11.23"]
[SourceQuality "1"]

1. e4 c5 2. Nf3 d6 3. d4 cxd4 4. Nxd4 Nf6 5. Nc3 a6 6. g3 e5 7. Nde2 Be6 8. Bg2 Be7 9. h3 b5 10. Be3 Nbd7 11. g4 Nb6 12. Nd5 Bxd5 13. exd5 Nc4 14. Bc1 Rc8 15. 0-0 0-0 16. a4 Qc7 17. Qd3 e4 18. Bxe4 Ne5 19. Qe3 Nxe4 20. Qxe4 f5 21. gxf5 Qxc2 22. Qxc2 Rxc2 23. Nd4 Rc4 24. Ne6 Rxf5 25. axb5 axb5 26. Ra7 Bf6 27. Ra8+ Kf7 28. Ra7+ Kg6 29. b3 Rc3 30. Nf4+ Kg5 31. Ne2+ Rxc1 32. Rxc1 Nf3+ 33. Kg2 Nh4+ 34. Kf1 Rxd5 35. Ng3 Kf4 36. Re1 Kf3 37. Re3+ Kf4 38. Ke2 Rc5 39. Ra2 Ng2 40. Rf3+ Ke5 41. Rf5+ Ke6 42. Rxc5 dxc5 43. Kf3 Ne1+ 44. Ke2 Ng2 45. Nh5 Be5 46. Kf3 Nh4+ 47. Ke4 Nf5 48. Nf4+ Bxf4 49. Kxf4 Nd4 50. Rb2 b4 51. Ke4 g5 52. Rb1 h5 53. Rg1 g4 54. hxg4 hxg4 55. Rxg4 Nxb3 56. Rg6+ Kf7 57. Rb6 Nd2+ 58. Kd3 Nf3 59. Rb5 Ne5+ 60. Ke4 Nd7 61. Kd5 Kf6 62. Kd6 Ne5 63. Kxc5 Nd3+ 64. Kd4 Nxf2 65. Rxb4 Kf5 66. Rb8 Ng4 67. Rf8+ Nf6 1/2-1/2

[Event "Seefeld op 16th"]
[Site "Seefeld"]
[Date "2005.09.18"]
[Round "2"]
[White "Fournell, Udo"]
[Black "Kozlov, Alexander"]
[Result "1-0"]
[WhiteElo "1891"]
[BlackElo "2135"]
[PlyCount "68"]
[EventDate "2005.09.17"]
[EventType "swiss"]
[EventRounds "9"]
[EventCountry "AUT"]
[SourceTitle "EXT 2007"]
[Source "ChessBase"]
[SourceDate "2006.11.23"]
[SourceVersion "1"]
[SourceVersionDate "2006.11.23"]
[SourceQuality "1"]

1. e4 g6 2. d4 Bg7 3. c3 d6 4. f4 Nf6 5. e5 dxe5 6. fxe5 Nd5 7. Bc4 e6 8. Nf3 h6 9. 0-0 a6 10. a4 Nc6 11. Na3 Nce7 12. Nc2 0-0 13. Nd2 b6 14. Ne4 Bb7 15. Nf6+ Kh8 16. g4 Ng8 17. Nxd5 Bxd5 18. Bxd5 Qxd5 19. Ne3 Qd7 20. b3 Ne7 21. Ba3 Kg8 22. Qf3 c5 23. Nc4 Qc7 24. a5 bxa5 25. Bxc5 f6 26. exf6 Bxf6 27. Qe4 Kg7 28. Qxe6 Rae8 29. Nd6 Rd8 30. Ne4 Bh4 31. Bb6 Qd7 32. Nc5 Qe8 33. Bxd8 Qxd8 34. Qe5+ Kh7 1-0